000 003590000a22001570004500
003 MACL
040 _aMACL
090 _c5570
_d5569
100 _aBhattacharya, Bela
245 _aSlums Pavement Dwellers Calcutta Detropolis
260 _bAparna Books Distributors
_c1996
350 _a250
650 _aSociology
942 _cBOOK
_k300
951 _o300 BOOK
999 _c5527
_d5527